Atlas de la provincia de Buenos Aires resumen estadístico de las regiones del Banco de la Provincia de Buenos Aires /

Guardado en:
Autor Corporativo: Banco de la Provincia de Buenos Aires. Centro de Investigaciones Territoriales y Ambientales Bonaerenses.
Formato: Electrónico
Idioma:Undetermined
Publicado: [Buenos Aires] : Banco de la Provincia de Buenos Aires, [2000]
Etiquetas: Agregar Etiqueta
Sin Etiquetas, Sea el primero en etiquetar este registro!
LEADER 00758nmm a22001455a 4500
001 EEA.libagro010163
005 20180619122726.0
008 141007s2000####ag#########m########und#d
020 |a 9879640241 
082 0 4 |a 318.212 
245 1 0 |a Atlas de la provincia de Buenos Aires  |h [recurso electrónico] :  |b resumen estadístico de las regiones del Banco de la Provincia de Buenos Aires /  |c Banco de la Provincia de Buenos Aires. Centro de Investigaciones Territoriales y Ambientales Bonaerenses. 
260 |a [Buenos Aires] :  |b Banco de la Provincia de Buenos Aires,  |c [2000] 
300 |a 1 CD-ROM. 
710 2 |a Banco de la Provincia de Buenos Aires.  |b Centro de Investigaciones Territoriales y Ambientales Bonaerenses. 
859 |a AR-BbBCA  |b BIB. AGRONOMIA  |h 318.212  |i B928 cd  |p 2000/3878